000 00996nam a2200229Ii 4500
003 JO-AjNU
008 230605s9999||||xx |||||||||||||| ||und||
017 _a2008/8/2857
020 _a9957-16-469-0
040 _aJO-AjNU
_bara
_erda
_cJO-AjNU
041 _aara
050 1 4 _aBP940.32.K33.A7392 2009
100 3 _aعربيات، وائل محمد,
_eauthor
_928281
245 0 0 _aالمصارف الإسلامية والمؤسسات الإقتصادية : أساليب الإستثمار- الاستصناع - المشاركة المتناقصة المنتهية بالتمليك - النظرية والتطبيق
250 _aط1/اصدار ثاني
264 3 1 _aعمان: دار الثقافة للنشر والتوزيع، 2009
300 _a368ص
_bالمصادر والمراجع ص 355-368
336 _atext
_btxt
_2rdacontent
337 _aunmediated
_bn
_2rdamedia
338 _avolume
_bnc
_2rdacarrier
650 4 _aاسلام وبنوك- اسلام واستثمارات
_928282
999 _aA10949
_c14517
_d14517